000 00316nam a22001337a 4500
020 _a978-0-7432-7239-1
082 _a823
_bDON/T
100 _aDONE, PHILLIP
245 _a32 THIRD GRADERS AND ONE CLASS BUNNY
260 _aNEW YORK
_bTOUCHSTONE
_c2005
300 _a288
650 _aNOVEL
_zUNITED STATES
942 _cBK
999 _c3028
_d3028